I Codici Napoleonici

Wedi'i Gadw mewn:
Manylion Llyfryddiaeth
Fformat: Llyfr
Iaith:Eidaleg
Cyhoeddwyd: Milán Giuffrè 2000
Cyfres:Testi e Documenti per la Storia del Processo, 5
Pynciau:
Tagiau: Ychwanegu Tag
Dim Tagiau, Byddwch y cyntaf i dagio'r cofnod hwn!

MARC

LEADER 00000nam a2200000 a 4500
001 UCN4453
003 CL-VaPUC
008 010803e20000000IT |||||||||||||||||ita|d
082 0 4 |a 346.45  |b COD  |2 21 
245 1 2 |a I Codici Napoleonici 
300 |a v 
942 |c BK 
945 |d 20010803 00:00:00  |a cmena 
260 |a Milán  |b Giuffrè  |c 2000 
500 |a v.1: Codice di Procedura Civile, 1806 
650 0 |a Derecho civil  |9 255013 
650 7 |a CODIGO CIVIL ITALIANO  |2 CL-VaPUC  |9 435220 
650 0 |a Derecho italiano  |9 385337 
650 0 |a Código de procedimiento civil  |9 256305 
650 7 |a CODIGO NAPOLEONICO  |2 CL-VaPUC  |9 460893 
650 7 |a HISTORIA DEL DERECHO ITALIANO  |2 CL-VaPUC  |9 460894 
583 |a last modification  |c 20010803 00:00:00  |k Rodrigo Vera 
490 0 |a Testi e Documenti per la Storia del Processo, 5 
999 |c 296695  |d 296693 
952 |0 0  |1 0  |4 0  |6 346_450000000000000_COD_2000  |7 0  |8 DER_HIS  |9 350726  |a BIBDER  |b BIBDER  |d 2019-11-20  |h v.1  |i 3741664  |l 1  |o 346.45 COD 2000  |p 3741664  |r 2023-01-25  |s 2020-03-19  |w 2019-11-20  |x Ubicación 4to Piso  |y BK  |z Estos recursos deben solicitarse con anticipación  |k DER